[Event "North American-ch U14"]
[Site "Montreal"]
[Date "2010.08.17"]
[Round "4"]
[White "Wen, Yi Zeng"]
[Black "Tang, Leslie"]
[Result "0-1"]
[WhiteElo "1108"]
[BlackElo "1475"]
[PlyCount "68"]
[EventDate "2010.08.16"]
[EventType "swiss"]
[EventRounds "7"]
[EventCountry "CAN"]
[SourceTitle "EXT 2013"]
[Source "ChessBase"]
[SourceDate "2012.11.22"]
[SourceVersion "1"]
[SourceVersionDate "2012.11.22"]
[SourceQuality "1"]

1. e4 c5 2. Nf3 d6 3. d4 cxd4 4. Nxd4 Nf6 5. Nc3 g6 6. Be3 Bg7 7. Bc4 0-0 8. h3 Nc6 9. Nf3 a6 10. Bb3 Bd7 11. 0-0 Rc8 12. Qd2 Na5 13. Nd4 Bc6 14. Nxc6 bxc6 15. Bh6 e6 16. Bxg7 Kxg7 17. Rfd1 d5 18. exd5 cxd5 19. Ne2 Nc4 20. Bxc4 Rxc4 21. b3 Rc8 22. Qd3 Qb6 23. Rab1 Rfd8 24. c3 Ne4 25. Qd4+ Qxd4 26. cxd4 Rc2 27. Re1 Rxa2 28. Ra1 Rb2 29. Rxa6 Rxb3 30. Rd1 Rb2 31. Kf1 Rc8 32. Ra3 Rcc2 33. Re3 Nd2+ 34. Ke1 Nc4 0-1